Evaluación técnico-económico de los recubrimientos aislantes de las tuberías que transportan los fluídos geotérmicos del sistema de la unidad generadora I del Campo Geotérmico de Miravalles

Sparad:
Bibliografiska uppgifter
Huvudupphovsman: Martínez López, Mayela
Materialtyp: Bok
Publicerad: San José, C.R. 2004
Ämnen:
Taggar: Lägg till en tagg
Inga taggar, Lägg till första taggen!

MARC

LEADER 00000nam a2200000Ia 4500
003 009526
005 20221231144130.0
008 140114s2004 cr a m 000 ||s d
040 |c cru CEDI  
090 |a TFG 5067 
100 |a Martínez López, Mayela  |9 6018 
245 |a Evaluación técnico-económico de los recubrimientos aislantes de las tuberías que transportan los fluídos geotérmicos del sistema de la unidad generadora I del Campo Geotérmico de Miravalles 
260 |c 2004  |a San José, C.R. 
300 |a  xiii, 147 hojas : ilustraciones, color  
500 |a  Proyecto de graduación (licenciatura en ingeniería química)--Universidad de Costa Rica. Facultad de Ingeniería. Escuela de Ingeniería Química 
650 |x AISLADORES TERMICOS   |x TRANSMISION DEL CALOR   |x TUBERIAS  |9 6016 
942 |c TFG 
999 |c 17356  |d 17356